| 000 | 02212nam a22003857a 4500 | ||
|---|---|---|---|
| 003 | DO-SdBNP | ||
| 005 | 20240410073848.0 | ||
| 007 | ta | ||
| 008 | 210617e2021 dr a|||gr|||| 001 0dspa d | ||
| 020 | _a9789945220919 | ||
| 040 |
_aDO-SdBNP _bspa _cBNPHU |
||
| 041 | _hspa | ||
| 082 | 4 |
_a972.93 _bC355d, 2021 _222 |
|
| 100 | 1 |
_aCastro Ventura, Santiago _d1837- _978903 |
|
| 245 | 1 | 3 |
_aDuarte en la proa de la historia / _cSantiago Castro Ventura ; prólogo ;Orlando Objío. |
| 250 | _a2a. ed. | ||
| 260 |
_aSanto Domingo : _bBúho, _c2021. |
||
| 300 |
_a492 p. : _bil., retr. ; _c23 cm. |
||
| 500 | _aIncluye datos biográficos del autor en la contracubierta. | ||
| 500 | _aIncluye índice onomástico. | ||
| 504 | _aBibliografía: p. 461- 478 | ||
| 505 | 0 |
_tPropósito de esta segunda edición y en desagravio al Padre de la Patria -- _tAl Padre de la Patria -- _tPrólogo -- _tA modo de preámbulo -- _gCapítulo I. _tHegemonía de Francia y España.-- _tCapítulo II -- _tIndependencia ficticia.-- _tCapítulo III. _tPresencia haitiana.-- _tCapítulo IV. _tConspiración patriótica.-- _tCapítulo V. _tSeparación y fundación de la República.-- _tCapítulo VI. _tSeparación y fundación de la República -- _tAnexión a España y Guerra Restauradora -- _tCapítulo VIII. _tFirmeza del Padre de la Patria -- _tLa familia Duarte-Diez -- _tFuentes documentales -- _tBibliografía consultada -- _tÍndice onomástico. |
|
| 505 |
_tProscripción del pensamiento duartiano.-- _gCapítulo VII. _tAnexión a España y Guerra de Restauración.-- _gCapítulo VIII. _tFirmeza del Padre de la Patria.-- _gCapítulo IX. _tLa tríada de los Padres de la Patria.-- _gCapítulo X. _tLa familia Duarte- Diez.-- |
||
| 505 | 0 | 0 | _aFuentes documentales. |
| 505 | 0 | 0 | _aBibliografía consultada. |
| 505 | 0 | 0 | _aÌndice onomástico. |
| 590 | _aInventariado, 2021 /MF | ||
| 600 | 1 | 0 |
_aDuarte, Juan Pablo, _d1813-1876 _91494 |
| 651 | 4 |
_aRepública Dominicana _xHistoria _9170 |
|
| 651 | 0 |
_aRepública Dominicana -- _xHistoria -- _y1844-1930 _91009 |
|
| 651 | 0 |
_aRepública Dominicana -- _xHistoria -- _yHasta, 1844 _9138 |
|
| 700 | 1 |
_943081 _aObjío, Orlando, _d1954- _epról. |
|
| 910 | _aValidado. Control de calidad MFF | ||
| 942 |
_2ddc _cLBS1 |
||
| 999 |
_c49952 _d49952 |
||